[Event "Titled Tue 10th Jun Late"]
[Site "chess.com INT"]
[Date "2025.06.10"]
[Round "4"]
[White "Niemann, Hans Moke"]
[Black "Norowitz, Yaacov"]
[Result "1-0"]
[WhiteTitle "GM"]
[BlackTitle "IM"]
[WhiteElo "2736"]
[BlackElo "2400"]
[WhiteFideId "2093596"]
[BlackFideId "2024799"]
[EventDate "2025.06.10"]

1. e4 c6 2. Nf3 d5 3. d3 Bg4 4. h3 Bxf3 5. Qxf3 g6 6. g3 Bg7 7. Bg2 e6 8. O-O
Nf6 9. Qe2 O-O 10. e5 Nfd7 11. f4 f6 12. exf6 Qxf6 13. Nd2 e5 14. Nf3 Na6 15. c3
Rae8 16. Qc2 Nac5 17. fxe5 Nxe5 18. Nxe5 Qxe5 19. Bf4 Qe2 20. Qxe2 Rxe2 21. Bd6
Nxd3 22. Bxf8 Bxf8 23. b3 Bd6 24. Kh2 h5 25. h4 Be5 26. Rad1 Nf2 27. Rde1 Rxa2
28. c4 Ng4+ 29. Kh3 dxc4 30. bxc4 Ra3 31. Rf3 Nf2+ 32. Kh2 Rxf3 33. Bxf3 Bd4 34.
Re7 b5 35. Bxc6 bxc4 36. Bd5+ Kh8 37. Bxc4 Ng4+ 38. Kh3 Ne5 39. Bb3 Nd3 40. Bc2
Nf2+ 41. Kg2 Ng4 42. Bxg6 Ne3+ 43. Kf3 Nd5 44. Rd7 1-0

[Event "Titled Tue 10th Jun Late"]
[Site "chess.com INT"]
[Date "2025.06.10"]
[Round "4"]
[White "Sivakumar, Ashvin"]
[Black "Tokarz, Izabela"]
[Result "1-0"]
[WhiteTitle "FM"]
[BlackTitle "WFM"]
[WhiteElo "2175"]
[BlackElo "2054"]
[WhiteFideId "5804655"]
[BlackFideId "21849170"]
[EventDate "2025.06.10"]

1. d4 Nf6 2. Nf3 e6 3. c4 c5 4. d5 exd5 5. cxd5 d6 6. Nc3 g6 7. e4 a6 8. a4 Bg4
9. Be2 Bxf3 10. Bxf3 Nbd7 11. O-O Bg7 12. Be2 O-O 13. Re1 Re8 14. Qc2 Rc8 15. h3
c4 16. f4 Qc7 17. Bf3 Nc5 18. Be3 Qd7 19. Re2 Nb3 20. Rd1 b5 21. axb5 axb5 22.
Na2 Qe7 23. Nb4 Qb7 24. Bf2 Nd7 25. e5 dxe5 26. d6 e4 27. Rxe4 Rxe4 28. Bxe4 Nd4
29. Bxb7 Nxc2 30. Bxc8 Nxb4 31. Bxd7 Bxb2 32. Bxb5 c3 33. d7 c2 34. d8=Q+ Kg7
35. Bd4+ Bxd4+ 36. Qxd4+ Kh6 37. Rc1 Nc6 38. Bxc6 f5 39. Qd2 Kh5 40. Qxc2 Kh4
41. Bf3 g5 42. Qf2# 1-0

[Event "Titled Tue 10th Jun Late"]
[Site "chess.com INT"]
[Date "2025.06.10"]
[Round "4"]
[White "Lizak, Jakub"]
[Black "Santos, Antonio P"]
[Result "1-0"]
[WhiteTitle "CM"]
[BlackTitle "FM"]
[WhiteElo "2219"]
[BlackElo "2165"]
[WhiteFideId "1158520"]
[BlackFideId "1900161"]
[EventDate "2025.06.10"]

1. e4 c5 2. Nf3 d6 3. d4 cxd4 4. Nxd4 Nf6 5. Nc3 a6 6. Bg5 e6 7. Qe2 Be7 8. h4
Nc6 9. Nxc6 bxc6 10. O-O-O Qc7 11. g4 e5 12. Bxf6 Bxf6 13. g5 Be7 14. Bh3 O-O
15. Qc4 Bxh3 16. Rxh3 Qd7 17. Rg3 Rfb8 18. h5 a5 19. g6 Qe6 20. gxf7+ Qxf7 21.
Qxc6 Rc8 22. Qd5 Qxd5 23. Nxd5 Bd8 24. Ne3 Bh4 25. Rg2 h6 26. Rxd6 Bg5 27. Rxg5
hxg5 28. Rg6 Kh7 29. Rxg5 Rf8 30. Nf5 Rf7 31. c3 Rd8 32. Kc2 a4 33. c4 Rc8 34.
Kc3 Rb8 35. b4 axb3 36. axb3 Rd8 37. c5 Rd1 38. Kc4 Rf1 39. b4 Rxf2 40. b5 Rc2+
41. Kd5 Rb2 42. b6 1-0

[Event "Titled Tue 10th Jun Late"]
[Site "chess.com INT"]
[Date "2025.06.10"]
[Round "4"]
[White "Kornienko, Konstantin"]
[Black "Csonka, Balazs"]
[Result "1-0"]
[WhiteTitle "CM"]
[BlackTitle "IM"]
[WhiteElo "2141"]
[BlackElo "2467"]
[WhiteFideId "34400419"]
[BlackFideId "742910"]
[EventDate "2025.06.10"]

1. d4 Nf6 2. Nf3 g6 3. c4 Bg7 4. Nc3 O-O 5. e4 d6 6. Be2 e5 7. O-O Nc6 8. dxe5
dxe5 9. Bg5 Bg4 10. Nd5 Bxf3 11. Bxf3 Nd4 12. Be3 c6 13. Bxd4 exd4 14. Nf4 Re8
15. Re1 Nd7 16. Nd3 a5 17. Rc1 a4 18. b4 axb3 19. axb3 Ne5 20. Nxe5 Bxe5 21. Qd3
Ra2 22. Re2 Qg5 23. Rd1 Rea8 24. g3 Ra1 25. Rd2 Qf6 26. Bg2 g5 27. Qe2 Kg7 28.
Bh3 h6 29. Bf5 R8a3 30. Rxa1 Rxa1+ 31. Kg2 Ra3 32. Qg4 Rxb3 33. f4 Bc7 34. e5
Qe7 35. Rxd4 Rb2+ 36. Kh3 Bb6 37. Rd7 Bg1 38. Qd1 Rxh2+ 39. Kg4 h5+ 40. Kf3 g4+
41. Ke4 Qc5 42. Be6 Qe3+ 43. Kf5 Rf2 44. Rxf7+ Kh6 45. Rf6+ Kg7 46. Qd7+ 1-0

[Event "Titled Tue 10th Jun Late"]
[Site "chess.com INT"]
[Date "2025.06.10"]
[Round "4"]
[White "Perez, Maximiliano"]
[Black "Khanbutaev, Artemii"]
[Result "1-0"]
[WhiteTitle "IM"]
[WhiteElo "2362"]
[BlackElo "2139"]
[WhiteFideId "117234"]
[BlackFideId "55747175"]
[EventDate "2025.06.10"]

1. Nf3 Nf6 2. g3 d5 3. Bg2 e6 4. O-O Be7 5. b3 O-O 6. Bb2 c5 7. c4 d4 8. e3 Nc6
9. exd4 cxd4 10. d3 e5 11. Re1 Bd6 12. a3 a5 13. Nbd2 Re8 14. Ng5 Bf5 15. Nge4
Nxe4 16. Nxe4 Bf8 17. Rc1 Bg6 18. Qd2 f5 19. Ng5 Be7 20. Bd5+ Kh8 21. Ne6 Qd7
22. f4 Bf6 23. fxe5 Bxe5 24. Nf4 Bf7 25. Bg2 Rab8 26. b4 b5 27. cxb5 Na7 28. a4
Bb3 29. bxa5 Bxa4 30. b6 Nc6 31. Rc4 Bb5 32. Rc5 Ba4 33. Ra1 Nd8 34. Nd5 Bc6 35.
a6 Ne6 36. Rca5 Bxd5 37. Rxd5 Qf7 38. Rxe5 1-0

[Event "Titled Tue 10th Jun Late"]
[Site "chess.com INT"]
[Date "2025.06.10"]
[Round "4"]
[White "Lazavik, Denis"]
[Black "Ghimoyan, Narek"]
[Result "1-0"]
[WhiteTitle "GM"]
[BlackTitle "CM"]
[WhiteElo "2580"]
[BlackElo "2273"]
[WhiteFideId "13515110"]
[BlackFideId "13315412"]
[EventDate "2025.06.10"]

1. e4 e6 2. d4 d5 3. e5 c5 4. c3 Nc6 5. Nf3 Qb6 6. a3 Nh6 7. Bd3 cxd4 8. O-O Nf5
9. Bxf5 exf5 10. cxd4 Be6 11. Nc3 Be7 12. h4 h6 13. Ne2 O-O 14. Nf4 Rac8 15. Rb1
Na5 16. b3 Rc7 17. Bd2 Bxa3 18. Nd3 Be7 19. Nc5 Nc6 20. b4 a6 21. Rb3 Qb5 22. g3
b6 23. Nd3 Rfc8 24. Nf4 Nxb4 25. h5 a5 26. Nh4 Qc4 27. Nhg6 fxg6 28. Nxe6 Rc6
29. Nf4 g5 30. Ng6 Bf8 31. Rf3 Qxd4 32. Rxf5 Re6 33. Qf3 Bc5 34. Be3 Qe4 35.
Qxe4 dxe4 36. Bxc5 bxc5 37. Rd1 Nd3 38. Rb1 Nb4 39. Ra1 Ra8 40. Rxa5 Ree8 41.
Rxa8 Rxa8 42. e6 Nc6 43. Rxc5 Nd4 44. e7 Kf7 45. Re5 Ne6 46. Rxe4 Ra1+ 47. Kg2
Nc7 48. e8=Q+ Nxe8 49. Re7+ Kf6 50. Rxe8 g4 51. Re4 Kf5 52. Re5+ Kf6 53. Rb5 1-0

[Event "Titled Tue 10th Jun Late"]
[Site "chess.com INT"]
[Date "2025.06.10"]
[Round "4"]
[White "Platzgummer, Fabian"]
[Black "Urbina Quiroz, Edwin"]
[Result "1-0"]
[WhiteTitle "IM"]
[WhiteElo "2293"]
[BlackElo "2041"]
[WhiteFideId "1617222"]
[BlackFideId "6500650"]
[EventDate "2025.06.10"]

1. Nf3 d5 2. g3 c6 3. Bg2 g6 4. O-O Nf6 5. d3 Bg7 6. c4 dxc4 7. dxc4 Qxd1 8.
Rxd1 O-O 9. Nc3 Bf5 10. h3 Ne4 11. Nxe4 Bxe4 12. Nd2 Bxg2 13. Kxg2 Rd8 14. e3
Na6 15. Kf3 Nc5 16. Ke2 Nd3 17. Rb1 Nxc1+ 18. Rdxc1 Rd7 19. Rd1 Rad8 20. b3 f5
21. Nf3 Rxd1 22. Rxd1 Rxd1 23. Kxd1 Bf6 24. Ke2 Kf7 25. Kd3 Ke6 26. e4 Kd6 27.
b4 b6 28. a4 e6 29. Nd2 Kc7 30. f4 Be7 31. Kc3 a5 32. bxa5 bxa5 33. Nb3 Bb4+ 34.
Kd4 Kd6 35. e5+ Kc7 36. Ke3 Kb6 37. Kf3 Bc3 38. Ke2 Bb4 39. Kf1 Bc3 40. Kf2 Kc7
41. Kf3 Kb6 42. g4 Kc7 43. Nc5 Kb6 44. Nxe6 1-0

[Event "Titled Tue 10th Jun Late"]
[Site "chess.com INT"]
[Date "2025.06.10"]
[Round "4"]
[White "Mafra, Kaiser Luiz"]
[Black "Demchenko, Svitlana"]
[Result "1/2-1/2"]
[WhiteTitle "CM"]
[BlackTitle "WIM"]
[WhiteElo "2076"]
[BlackElo "2135"]
[WhiteFideId "2106698"]
[BlackFideId "14149893"]
[EventDate "2025.06.10"]

1. d4 Nf6 2. Nc3 d5 3. Bf4 c5 4. e3 cxd4 5. exd4 a6 6. Bd3 Nc6 7. Nge2 Bg4 8. f3
Bh5 9. O-O e6 10. Bg3 Nb4 11. Nf4 Nxd3 12. Qxd3 Bg6 13. Nxg6 hxg6 14. Rae1 Bd6
15. Be5 Qb6 16. Na4 Qc7 17. Nc5 Bxe5 18. Rxe5 O-O-O 19. h3 Nd7 20. Nxd7 Rxd7 21.
Qb3 Rd6 22. Re3 Rb6 23. Rc3 Rc6 24. Rxc6 Qxc6 25. Rc1 Rh4 26. c4 Rxd4 27. Qe3
Rxc4 28. Rxc4 Qxc4 29. Qe5 d4 30. Qxg7 d3 31. Qf8+ Kc7 32. Qxf7+ Kb6 33. Qd7
Qc1+ 34. Kf2 d2 35. Qd4+ Kc7 36. Qg7+ Kb8 37. Qh8+ Kc7 38. Qg7+ Kd6 39. Qd4+ Ke7
40. Qg7+ Ke8 41. Qh8+ Kf7 42. Qh7+ Kf6 43. Qh8+ Kf7 44. Qh7+ Ke8 45. Qh8+ Kd7
46. Qg7+ Kd6 47. Qd4+ Ke7 48. Qg7+ Ke8 49. Qh8+ 1/2-1/2

[Event "Titled Tue 10th Jun Late"]
[Site "chess.com INT"]
[Date "2025.06.10"]
[Round "4"]
[White "Skramstad, Oda Kofoed"]
[Black "Liu, Zhaoqi"]
[Result "1-0"]
[WhiteTitle "WCM"]
[BlackTitle "IM"]
[WhiteElo "1898"]
[BlackElo "2400"]
[WhiteFideId "1564862"]
[BlackFideId "8609381"]
[EventDate "2025.06.10"]

1. d4 f5 2. c4 Nf6 3. Bg5 e6 4. Nc3 d5 5. f3 Be7 6. e3 O-O 7. Bd3 c6 8. Nge2 Bd7
9. O-O Be8 10. Qc2 Na6 11. a3 h6 12. Bh4 g5 13. Bf2 Bg6 14. Rae1 Kg7 15. Ng3 Bd6
16. c5 Bxg3 17. Bxg3 Nb8 18. Bd6 Rf7 19. e4 fxe4 20. fxe4 Nbd7 21. e5 Ne4 22.
Bxe4 dxe4 23. Rxf7+ Bxf7 24. Qxe4 Bg6 25. Qf3 Qg8 26. Rf1 Qf7 27. Qh3 Bf5 28. g4
Kh7 29. gxf5 g4 30. Qd3 exf5 31. Qxf5+ Qxf5 32. Rxf5 Kg6 33. Rf4 Kg5 34. Rf7 1-0

[Event "Titled Tue 10th Jun Late"]
[Site "chess.com INT"]
[Date "2025.06.10"]
[Round "4"]
[White "Guha, Eshan"]
[Black "Adamson, Robby"]
[Result "0-1"]
[BlackTitle "FM"]
[WhiteElo "2071"]
[BlackElo "2226"]
[WhiteFideId "30958628"]
[BlackFideId "2009730"]
[EventDate "2025.06.10"]

1. d4 Nf6 2. c4 e6 3. g3 d5 4. Bg2 Bb4+ 5. Nd2 O-O 6. Nf3 dxc4 7. Qc2 b5 8. a4
c6 9. axb5 cxb5 10. Ng5 h6 11. h4 Qxd4 12. Bxa8 Nbd7 13. Kf1 g6 14. Nge4 Nd5 15.
h5 N7b6 16. Nf3 Qg7 17. hxg6 Nxa8 18. Bxh6 Qxg6 19. Bxf8 Bxf8 20. Rxa7 Nab6 21.
Nh4 Qg4 22. Ng2 Qf5 23. g4 Qe5 24. Rh5 f5 25. Qd2 Bg7 26. Qg5 Bd7 27. Nc3 Nf6
28. Rh6 Nxg4 29. Rg6 Nh2+ 30. Kg1 Ng4 31. Nf4 Kh8 32. Nh5 Qh2+ 0-1

[Event "Titled Tue 10th Jun Late"]
[Site "chess.com INT"]
[Date "2025.06.10"]
[Round "4"]
[White "Vifleemskaia, Svetlana"]
[Black "Urbina Perez, Juan Antonio"]
[Result "0-1"]
[WhiteTitle "WFM"]
[BlackTitle "FM"]
[WhiteElo "1942"]
[BlackElo "2221"]
[WhiteFideId "4129490"]
[BlackFideId "2217368"]
[EventDate "2025.06.10"]

1. d4 d5 2. c4 e6 3. Nc3 a6 4. cxd5 exd5 5. Bf4 c6 6. e3 Bd6 7. Bg3 Ne7 8. Bd3
Bf5 9. Nf3 O-O 10. O-O Bxg3 11. hxg3 Bxd3 12. Qxd3 Nd7 13. b3 Nf6 14. Ne5 Nc8
15. g4 Nd6 16. f3 Nd7 17. Nxd7 Qxd7 18. Na4 Rae8 19. Nc5 Qe7 20. Rae1 Qh4 21.
Nd7 f5 22. Nxf8 Rxf8 23. g5 Qxg5 24. Qe2 Rf6 25. f4 Qh4 26. Qf2 Qh6 27. g3 Ne4
28. Qh2 Qg6 29. Rf3 Qf7 30. Qc2 Rg6 31. Kg2 Rg4 32. Rh1 Qg6 33. Rh3 h5 34. Kh2
h4 35. gxh4 Qh5 36. Qe2 Nc3 37. Qf2 Ne4 38. Qe2 Kf7 39. Kh1 Rxh4 40. Rxh4 Qxh4+
41. Qh2 Qe1+ 42. Qg1 Qh4+ 43. Qh2 Qg4 44. Qg2 Qh5+ 45. Qh2 Qxf3+ 0-1

[Event "Titled Tue 10th Jun Late"]
[Site "chess.com INT"]
[Date "2025.06.10"]
[Round "4"]
[White "Thake, Conrad"]
[Black "Weisz, Bryan"]
[Result "0-1"]
[WhiteTitle "CM"]
[WhiteElo "1873"]
[BlackElo "2059"]
[WhiteFideId "5602947"]
[BlackFideId "30934133"]
[EventDate "2025.06.10"]

1. e4 c5 2. Nf3 d6 3. d4 cxd4 4. Nxd4 Nf6 5. Nc3 Nc6 6. Be3 Ng4 7. Bb5 Nxe3 8.
fxe3 Bd7 9. O-O e6 10. Nxc6 bxc6 11. Qf3 Qf6 12. Qxf6 gxf6 13. Bc4 d5 14. exd5
cxd5 15. Bb5 f5 16. Rad1 Bg7 17. Bxd7+ Kxd7 18. e4 Bxc3 19. bxc3 fxe4 20. Rxf7+
Kd6 21. c4 Rac8 22. cxd5 exd5 23. Rxa7 Rxc2 24. Ra5 Rc5 25. Ra4 Ke5 26. Rad4 Ra8
27. a4 Raa5 28. g3 Rc4 29. R4d2 e3 30. Rd3 d4 31. Re1 Ke4 32. Rdd1 d3 33. g4
Raxa4 34. g5 Ra2 35. h4 Rcc2 36. h5 Rg2+ 37. Kf1 Raf2# 0-1

[Event "Titled Tue 10th Jun Late"]
[Site "chess.com INT"]
[Date "2025.06.10"]
[Round "4"]
[White "Rabin, Evan"]
[Black "Watanabe, Akira"]
[Result "1-0"]
[BlackTitle "FM"]
[WhiteElo "1945"]
[BlackElo "2284"]
[WhiteFideId "2028670"]
[BlackFideId "7000227"]
[EventDate "2025.06.10"]

1. e4 c5 2. Nf3 d6 3. d4 cxd4 4. Nxd4 Nf6 5. Nc3 a6 6. Be3 e6 7. f3 b5 8. Qd2
Bb7 9. O-O-O Nbd7 10. g4 h6 11. h4 Rc8 12. Bh3 Ne5 13. g5 Nc4 14. Qe2 Nd7 15. g6
Nc5 16. gxf7+ Kxf7 17. b4 Nxe3 18. Qxe3 e5 19. bxc5 exd4 20. Qf4+ Qf6 21. Qxf6+
gxf6 22. Bxc8 Bxc8 23. Nd5 dxc5 24. Rhg1 Bd6 25. c3 dxc3 26. Nxc3 Bf4+ 27. Kc2
Be6 28. Nd5 Be5 29. Rg2 Bh3 30. Rgg1 Bd4 31. Rg3 Be6 32. Rd2 Bxd5 33. exd5 Rd8
34. Rdg2 Rxd5 35. Rg7+ Ke6 36. Re2+ Kf5 37. Rh7 Be5 38. Rxh6 Kf4 39. Rg6 Kxf3
40. Reg2 c4 41. h5 b4 42. h6 Rb5 43. h7 b3+ 44. axb3 cxb3+ 45. Kd3 b2 46. Rxb2
Rxb2 47. h8=Q Rb3+ 48. Kc2 1-0

[Event "Titled Tue 10th Jun Late"]
[Site "chess.com INT"]
[Date "2025.06.10"]
[Round "4"]
[White "Sharankov, Grigory"]
[Black "Yushko, Olga"]
[Result "1-0"]
[WhiteTitle "CM"]
[BlackTitle "WFM"]
[WhiteElo "2238"]
[BlackElo "2033"]
[WhiteFideId "4168356"]
[BlackFideId "14114500"]
[EventDate "2025.06.10"]

1. e4 Nf6 2. e5 Nd5 3. c4 Nb6 4. c5 Nd5 5. Bc4 e6 6. Nc3 d6 7. cxd6 cxd6 8. Nf3
Nxc3 9. dxc3 Nc6 10. Bf4 d5 11. Bd3 Qb6 12. Qe2 Bd7 13. O-O d4 14. Rab1 dxc3 15.
bxc3 Qc7 16. Ng5 Be7 17. Qh5 Bxg5 18. Qxg5 g6 19. Qf6 Rg8 20. Be4 b6 21. Rfd1
Rd8 22. Rd6 Rc8 23. Rbd1 Nb8 24. Bg5 Qd8 25. Qf4 Qc7 26. Qf6 Qd8 27. Qf4 Qc7 28.
Qh4 h6 29. Qxh6 Bc6 30. Qh7 Rf8 31. Bxc6+ Nxc6 32. Qg7 Rb8 33. Bh6 Ke7 34. Qf6+
Ke8 35. Bxf8 Kxf8 36. Rd7 Qc8 37. Qxf7# 1-0

[Event "Titled Tue 10th Jun Late"]
[Site "chess.com INT"]
[Date "2025.06.10"]
[Round "4"]
[White "Radchenko, Alexey"]
[Black "Tekeyev, Zaur"]
[Result "0-1"]
[WhiteTitle "FM"]
[BlackTitle "IM"]
[WhiteElo "2290"]
[BlackElo "2407"]
[WhiteFideId "4192362"]
[BlackFideId "4199731"]
[EventDate "2025.06.10"]

1. d4 Nf6 2. Nf3 e6 3. Nbd2 d5 4. e3 c5 5. c3 Bd6 6. Bd3 O-O 7. Qe2 Nc6 8. e4 e5
9. exd5 Nxd5 10. Qe4 Nf6 11. Qh4 cxd4 12. Nc4 e4 13. Bb1 exf3 14. Bg5 Re8+ 15.
Kf1 fxg2+ 16. Kxg2 h6 17. Bxh6 gxh6 18. Qxh6 Bf8 19. Qg5+ Bg7 20. Bc2 Qd5+ 21.
Qxd5 Nxd5 22. Rae1 Rxe1 23. Rxe1 Be6 24. Nd6 dxc3 25. bxc3 Bxc3 26. Rb1 b6 27.
Be4 Rd8 28. Nb5 Nf4+ 29. Kf3 Ng6 30. Nxc3 Nd4+ 31. Ke3 Nf5+ 32. Kf3 Nfe7 33. a4
Ne5+ 34. Ke3 Nc4+ 35. Ke2 Kf8 36. Nb5 Nd2 37. Rd1 Bc4+ 38. Ke1 Bxb5 39. axb5 Rd4
40. f3 Nb3 41. Ra1 Nxa1 42. Ke2 f5 43. Ke3 Rb4 44. Kd3 fxe4+ 45. fxe4 Rxb5 46.
h4 Ra5 47. h5 Kg7 48. h6+ Kh7 0-1

[Event "Titled Tue 10th Jun Late"]
[Site "chess.com INT"]
[Date "2025.06.10"]
[Round "4"]
[White "Clawitter, Craig"]
[Black "Hadzovic, Amir"]
[Result "0-1"]
[BlackTitle "FM"]
[WhiteElo "2050"]
[BlackElo "2354"]
[WhiteFideId "2023105"]
[BlackFideId "14402300"]
[EventDate "2025.06.10"]

1. e4 e5 2. Nf3 Nc6 3. Bb5 a6 4. Ba4 d6 5. c3 Bd7 6. d4 g6 7. O-O Bg7 8. d5 Nce7
9. c4 Nf6 10. Nc3 O-O 11. Bxd7 Nxd7 12. Ne1 f5 13. Nd3 f4 14. f3 g5 15. h3 Rf7
16. b4 Bf8 17. c5 Ng6 18. c6 bxc6 19. dxc6 Nf6 20. a4 h5 21. Qb3 g4 22. fxg4
hxg4 23. Nd5 Nxd5 24. Qxd5 gxh3 25. Bxf4 exf4 26. Nxf4 hxg2 27. Nxg6 gxf1=Q+ 28.
Rxf1 Qe8 29. Rf5 Bg7 30. Rg5 Rb8 31. e5 Rxb4 32. e6 Rxa4 33. exf7+ Qxf7 34. Ne7+
Kf8 35. Ng6+ Ke8 0-1

[Event "Titled Tue 10th Jun Late"]
[Site "chess.com INT"]
[Date "2025.06.10"]
[Round "4"]
[White "Gokerkan, Cem Kaan"]
[Black "Bouska, Jiri"]
[Result "0-1"]
[WhiteTitle "GM"]
[BlackTitle "FM"]
[WhiteElo "2489"]
[BlackElo "2318"]
[WhiteFideId "6336760"]
[BlackFideId "23722223"]
[EventDate "2025.06.10"]

1. e4 c5 2. Nf3 d6 3. d4 cxd4 4. Nxd4 Nf6 5. Nc3 Nc6 6. Bg5 Bd7 7. Qd2 a6 8.
O-O-O e6 9. f4 Be7 10. Nf3 b5 11. Bxf6 gxf6 12. f5 Qb6 13. Kb1 O-O-O 14. Bd3 Kb8
15. a4 b4 16. Ne2 Ne5 17. Nfd4 Nxd3 18. Qxd3 e5 19. Nb3 Bxa4 20. Qc4 Rhf8 21.
Rd5 Bc6 22. Ra5 Bb5 23. Qxb4 d5 24. Qxe7 Bxe2 25. Rxd5 Bc4 26. Rxd8+ Rxd8 27.
Nc5 Ka8 28. b3 Rc8 29. Na4 Qb5 30. Kb2 Rb8 31. Qa3 Rd8 32. Nc3 Qb7 33. Rd1 Rc8
34. Rd6 Bf1 35. g3 Qc7 36. Qb4 Rb8 37. Qa3 Rc8 38. Qb4 a5 0-1

[Event "Titled Tue 10th Jun Late"]
[Site "chess.com INT"]
[Date "2025.06.10"]
[Round "4"]
[White "Sieciechowicz, Marcin"]
[Black "Pereyra, Horacio"]
[Result "1-0"]
[WhiteTitle "IM"]
[WhiteElo "2413"]
[BlackElo "2133"]
[WhiteFideId "1130170"]
[BlackFideId "113700"]
[EventDate "2025.06.10"]

1. d4 g6 2. e4 Bg7 3. h4 h5 4. c4 c5 5. d5 d6 6. Be2 Nf6 7. Nc3 O-O 8. Nf3 a6 9.
a4 Ng4 10. Qc2 Nd7 11. O-O Nde5 12. Ng5 f6 13. Ne6 Bxe6 14. dxe6 Nc6 15. Bxg4
hxg4 16. Qd1 f5 17. exf5 gxf5 18. Nd5 Nd4 19. Bg5 Nc6 20. Qd2 Ne5 21. Nxe7+ Kh7
22. Nxf5 Qe8 23. Nxg7 Kxg7 24. Qxd6 Rf5 25. Rfe1 Ng6 26. h5 Nh8 27. Qd7+ Kg8 28.
Bh6 Qxd7 29. exd7 Kf7 30. Rad1 Rd8 31. Re4 Rxh5 32. Bf4 Ng6 33. Bh2 Rhh8 34. Bc7
Ne7 35. Bxd8 Rxd8 36. Rxg4 Ke6 37. Re4+ Kf6 38. Rxe7 Kxe7 39. f4 b6 40. Kf2 Rh8
41. d8=Q+ Rxd8 42. Rxd8 Kxd8 43. Kf3 Ke7 44. Ke4 Kf6 45. g4 Ke6 46. g5 Kd6 47.
f5 b5 48. axb5 a5 49. g6 a4 50. g7 1-0

[Event "Titled Tue 10th Jun Late"]
[Site "chess.com INT"]
[Date "2025.06.10"]
[Round "4"]
[White "Winkels, Marcel"]
[Black "Kjaergaard-Jensen, Jesper"]
[Result "0-1"]
[WhiteTitle "CM"]
[BlackTitle "CM"]
[WhiteElo "1905"]
[BlackElo "2081"]
[WhiteFideId "1003887"]
[BlackFideId "1406990"]
[EventDate "2025.06.10"]

1. e4 Nf6 2. e5 Nd5 3. d4 d6 4. Nf3 Bg4 5. Be2 e6 6. O-O Be7 7. c4 Nb6 8. Nc3
O-O 9. h3 Bf5 10. Be3 d5 11. c5 N6d7 12. Rc1 a5 13. a3 Nc6 14. Bb5 f6 15. exf6
Bxf6 16. Bxc6 bxc6 17. Re1 Qe8 18. Qd2 Qg6 19. Kh1 Qh5 20. Nh2 Qg6 21. g4 Bd3
22. Rcd1 Bc4 23. Bf4 Rae8 24. Bxc7 e5 25. Bd6 exd4 26. Ne2 Bxe2 27. Rxe2 Rxe2
28. Qxe2 Re8 29. Qa6 Qc2 30. Rf1 Qe4+ 31. f3 Qe2 32. Qxe2 Rxe2 33. b4 axb4 34.
axb4 Rb2 35. b5 Rxb5 36. Re1 Nxc5 37. Re8+ Kf7 38. Rf8+ Ke6 39. Bxc5 Rxc5 40. f4
d3 41. Re8+ Kd7 42. Re1 d2 43. Rd1 Rc1 0-1

[Event "Titled Tue 10th Jun Late"]
[Site "chess.com INT"]
[Date "2025.06.10"]
[Round "4"]
[White "Vakhidov, Jakhongir"]
[Black "Esipenko, Andrey"]
[Result "1-0"]
[WhiteTitle "GM"]
[BlackTitle "GM"]
[WhiteElo "2539"]
[BlackElo "2689"]
[WhiteFideId "14201801"]
[BlackFideId "24175439"]
[EventDate "2025.06.10"]

1. c4 e5 2. g3 Nf6 3. Bg2 d5 4. cxd5 Nxd5 5. Nf3 Bd6 6. O-O O-O 7. Nc3 Nxc3 8.
bxc3 Nc6 9. d3 h6 10. Rb1 Rb8 11. e4 b5 12. d4 Bg4 13. h3 Bh5 14. Be3 exd4 15.
cxd4 Na5 16. d5 a6 17. g4 Bg6 18. Nd4 Re8 19. Bd2 Nc4 20. Nc6 Qf6 21. Nxb8 Rxb8
22. Bb4 Bf4 23. Re1 Re8 24. a4 a5 25. e5 Nxe5 26. Bxa5 Bxb1 27. Qxb1 bxa4 28.
Qb5 Re7 29. d6 cxd6 30. Qxa4 Re6 31. Bd5 Re7 32. Kg2 Rc7 33. Bxc7 Nd3 34. Qe8+
Kh7 35. Be4+ g6 36. Bxd3 Be5 37. Qd7 1-0

[Event "Titled Tue 10th Jun Late"]
[Site "chess.com INT"]
[Date "2025.06.10"]
[Round "4"]
[White "Hungaski, Robert"]
[Black "Norman, Kseniya"]
[Result "1-0"]
[WhiteTitle "GM"]
[BlackTitle "WFM"]
[WhiteElo "2477"]
[BlackElo "2069"]
[WhiteFideId "2021030"]
[BlackFideId "13518780"]
[EventDate "2025.06.10"]

1. h3 g6 2. e3 Bg7 3. d4 Nf6 4. c4 O-O 5. Nc3 d6 6. Nf3 Nbd7 7. Be2 e5 8. Qc2
Re8 9. dxe5 dxe5 10. O-O Nc5 11. Rd1 Qe7 12. b4 Bf5 13. Qb2 Nce4 14. c5 Rad8 15.
Bd2 Nxd2 16. Rxd2 Rxd2 17. Nxd2 Be6 18. e4 Rd8 19. Nc4 Nh5 20. Na5 Nf4 21. Bf1
Qg5 22. Kh2 Rd3 23. Rd1 Rxd1 24. Nxd1 b6 25. Nc6 f5 26. g3 Nh5 27. Qc3 fxe4 28.
Bc4 Bxc4 29. Qxc4+ Kh8 30. Qxe4 Nf6 31. Qd3 Qf5 32. Qd8+ Ng8 33. Ne7 Qf7 34.
Nxg8 Qxg8 35. Qxc7 Qxa2 36. Qd8+ Qg8 37. Qxg8+ Kxg8 38. c6 Bf6 39. c7 1-0

[Event "Titled Tue 10th Jun Late"]
[Site "chess.com INT"]
[Date "2025.06.10"]
[Round "4"]
[White "Demaria, Juan Pablo"]
[Black "Terron Elena, Francisco M."]
[Result "1/2-1/2"]
[WhiteTitle "FM"]
[BlackTitle "FM"]
[WhiteElo "2215"]
[BlackElo "2148"]
[WhiteFideId "104922"]
[BlackFideId "2210576"]
[EventDate "2025.06.10"]

1. e4 e5 2. Nf3 Nc6 3. Bb5 a6 4. Ba4 Nge7 5. O-O g6 6. Re1 Bg7 7. c3 O-O 8. d3
b5 9. Bb3 d5 10. exd5 Nxd5 11. a4 Bb7 12. axb5 axb5 13. Rxa8 Bxa8 14. Na3 b4 15.
Nc4 bxc3 16. Ncxe5 Nxe5 17. Nxe5 cxb2 18. Bxb2 Nf4 19. Ba3 Nxg2 20. Bxf8 Nxe1
21. Bxg7 Kxg7 22. Qxe1 Qg5+ 23. Kf1 Bg2+ 24. Ke2 Qxe5+ 25. Kd2 Qb2+ 26. Bc2 Qb4+
27. Ke2 Bf3+ 28. Kf1 Qf4 29. Qe3 Qf6 30. Ke1 Qc3+ 31. Qd2 Qxd2+ 32. Kxd2 Kf6 33.
Ke3 Bd5 34. f4 h5 35. h4 Kf5 36. Bd1 c5 37. Be2 f6 38. Bd1 g5 39. hxg5 fxg5 40.
Bxh5 gxf4+ 41. Kf2 Ke5 42. Bg6 Kd4 43. Ke2 f3+ 44. Kd2 Be6 45. Bh5 Bd5 46. Bg4
c4 47. dxc4 Bxc4 48. Bxf3 1/2-1/2